| 000 | 02699nam a2200253 4500 | ||
|---|---|---|---|
| 003 | vecauma | ||
| 005 | 20260422200306.0 | ||
| 007 | ta | ||
| 008 | 260422b ve ||||| |||| 00| 0 spa d | ||
| 020 | _a8480888970 | ||
| 040 |
_avecauma _bspa _cvecauma _dvecauma _erda |
||
| 041 | _aspa | ||
| 100 | 1 | _eautor | |
| 245 | 1 |
_aCómo mienten las empresas ¿Por qué Enron es tan sólo la punta del Iceberg? _bUna guía para comprender el fraude contable y la ingeniería financiera _c/ A. Larry Elliot y Richard J. Schroth |
|
| 264 |
_aEspaña: _bGestión 2000, S.A.; _c2003. |
||
| 300 | _a156 páginas. | ||
| 336 |
_atexto _btxt _2rdacontenido |
||
| 337 |
_ano mediado _bn _2rdamedio |
||
| 338 |
_avolumen _bnc _2rdasoporte |
||
| 505 | 0 | _aLos mecanismos de la mentira / El arte de los tramposos astutos / La protección de inversores y empresas / Palabras sin fundamento / La neblina de la complejidad corporativa / Administración disfuncional / Los mercados han hablado / | |
| 520 | 3 | _aLos mercados, gracias a las mentiras de algunos directivos y de todos los que les rodean, son los casinos y los canódromos del nuevo siglo. Existe una diferencia básica, sin embargo, entre las apuestas en los casinos y las apuestas para ganar dinero invirtiendo en empresas: en Las Vegas es posible calcular las apuestas y la probabilidad de ganar o perder. Algo que actualmente resulta imposible en la bolsa debido al comportamiento de las empresas que en ella cotizan. Los que juegan en los casinos no suelen en el transcurso del juego añadir o retirar un par de ases, pero esto sí sucede en Wall Street y entre las empresas que cotizan en bolsa. Enron, Tyco, Sunbeam, Global Crossings, Waste Management y, ahora, WorldCom, no son más que la punta del iceberg, los síntomas en la superficie que revelan lo que deben hacer las empresas del futuro para evitar sucumbir. Afortunadamente, existen métodos para que el inversor individual reconozca las empresas que corren el peligro de convertirse en el próximo Enron. Esta obra nos alerta sobre: .Los mecanismos de la contabilidad creativa .El arte de los tramposos astutos .Las palabras sin fundamento .La neblina de la complejidad corporativa A. Larry Elliott es presidente y director general de EDA, Inc., y antiguo socio de Heidrick y Struggles, una de las empresas líderes mundiales en investigación empresarial. Richard J. Schroth trabaja como consultor y asesor en tecnología emergente y estrategia empresarial para muchas empresas líderes mundiales. Es fundador, director general y presidente de Executive Insights, Ltd y Executive Viewpoints, Inc. | |
| 942 | 1 |
_2lcc _n0 _cBK |
|
| 999 |
_c13419 _d13419 |
||